| 000 | 00783cab a2200217 4500 | ||
|---|---|---|---|
| 001 | WB2626-35 | ||
| 008 | 090401t1990 xxu||||| |||| 00| 0 eng d | ||
| 035 | _a(Sirsi) u3313 | ||
| 041 | _aeng | ||
| 245 | _aAdverse possession | ||
| 260 | _c1990 | ||
| 350 | _a0 | ||
| 490 |
_aEGCS _v1990 83 |
||
| 520 | _aIn Colchester B C v Smith and others ChD 18 June 1990, it was held that the paper title owner stood. Possession by licence was estoppel by contract and destroyed the tenants claim to adverse possession to part of the land . | ||
| 650 | _aAGRICULTURAL HOLDINGS ACT 1948 S2 | ||
| 650 | _aPROPERTY-LANDLORD AND TENANT-TENANCIES-AGRICULTURAL TENANCIES | ||
| 650 | _aBUCKINGHAMSHIRE CC V MORAN | ||
| 690 | _aPROPERTY-LANDLORD AND TENANT | ||
| 942 | _n0 | ||
| 948 | _c04/03/1997 | ||
| 999 |
_c2025 _d2025 |
||